Państwa Europy w 1650 roku na mapie - Statystyki

Ogólne statystyki
  • Ten quiz został rozwiązany 5 497 razy
    5 236 od ostatniego zresetowania
  • Średni wynik to 32 z 328
Odpowiedzi na mapie
Odpowiedzi zakodowano w zielono-czerwonej skali na mapie do tego quizu, zgodnie z poniższymi procentami.
 
Statystyki odpowiedzi
Państwo % Poprawnych
Rzeczpospolita Obojga Narodów
97%
Rosja
95%
Francja
91%
Hiszpania
91%
Szwecja
90%
Portugalia
88%
Irlandia
87%
Królestwo Danii i Norwegii
86%
Anglia
85%
Szkocja
83%
Imperium Osmańskie
82%
Prusy
82%
Węgry
70%
Holandia
67%
Austria
66%
Hetmanat
65%
Bawaria
54%
Państwo Kościelne
54%
Saksonia (Elektorat)
47%
Saksonia (Księstwo)
47%
Wenecja
45%
Mołdawia
43%
Śląsk
43%
Morawy
41%
Krym
40%
Brandenburgia
39%
Chorwacja
37%
Księstwo Kurlandii i Semigalii
35%
Hamburg
33%
Siedmiogród
32%
Andora
31%
Bohemia
31%
San Marino
28%
Toskania
26%
Genua
25%
Holsztyn-Glückstadt
24%
Holsztyn-Gottorp
24%
Wołoszczyzna
24%
Czarnogóra
23%
Kolonia (Elektorat)
23%
Monako
23%
Kolonia (Wolne miasto)
23%
Brema
22%
Frankfurt
20%
Tyrol
19%
Wielkie Księstwo Hesji
18%
Salzburg
17%
Zakon Świętego Jana
16%
Baden-Baden
15%
Baden (Szwajcaria)
15%
Berg
15%
Berno
15%
Genewa
15%
Lotaryngia
15%
Meklemburgia-Güstrow
15%
Meklemburgia-Schwerin
15%
Dortmund
14%
Zurych
13%
Hesja-Kassel
12%
Księstwo Anhaltu
12%
Magdeburg
12%
Palatynat Reński
12%
Styria
12%
Wied
12%
Fryzja Wschodnia
11%
Legnica
11%
Lubeka (Biskupstwo)
11%
Lubeka (Wolne miasto)
11%
Norymberga
11%
Parma
11%
Sabaudia
11%
Ulm
11%
Wirtembergia
10%
Altdorf
9%
Augsburg (Biskupstwo)
9%
Augsburg (Wolne miasto)
9%
Mainz
9%
Oldenburg
9%
Biel
8%
Brunszwik-Lüneburg
8%
Brunszwik-Wolfenbüttel
8%
Karyntia
8%
Modena
8%
Ragusa
8%
Westfalia
8%
Akwizgran
7%
Bazylea (Biskupstwo)
7%
Bazylea (Szwajcaria)
7%
Essen
7%
Lukka
7%
Münster (Biskupstwo)
7%
Münster (Wolne miasto)
7%
Triest
7%
Liège
6%
Osetia
6%
Strasburg (Biskupstwo)
6%
Strasburg (Wolne miasto)
6%
Bar
5%
Czerkiesja
5%
Mantua
5%
Trewir
5%
Trydent
5%
Wurzburg
5%
Brzeg
4%
Kraina
4%
Lucerna
4%
Nassau
4%
Ratyzbona (Biskupstwo)
4%
Ratyzbona (Wolne miasto)
4%
Rot
4%
Ansbach
3%
Bamberg
3%
Freiburg
3%
Gorycja
3%
Konstancja
3%
Lauenburg
3%
Lippe
3%
Osnabrück
3%
Sankt Gallen
3%
Schaumburg-Lippe
3%
Uri
3%
Vaduz
3%
Wołów
3%
Zollernalb
3%
Zug
3%
Appenzell Ausserrhoden
2%
Appenzell Innerrhoden
2%
Bayreuth
2%
Fulda
2%
Goslar
2%
Hall
2%
Hrabiostwo Renu
2%
Jülich
2%
Kabardia
2%
Księstwo Qasim
2%
Księstwo Reuss
2%
Kura
2%
Lugano
2%
Memmingen
2%
Montferrat
2%
Neuchâtel
2%
Orange
2%
Paderborn
2%
Pasawa
2%
Ravensburg
2%
Schwyz
2%
Spira (Biskupstwo)
2%
Spira (Wolne miasto)
2%
Tarki
2%
Trzy Ligi
2%
Urk
2%
Vorarlberg
2%
Waldeck
2%
Wallis
2%
Wormacja
2%
Aalen
1%
Adler
1%
Ameland
1%
Andalal
1%
Arenberg
1%
Baden-Durlach
1%
Bad Schussenried
1%
Bellinzona
1%
Bentheim
1%
Berchtesgaden
1%
Beuren
1%
Biberach
1%
Blenio
1%
Bokhoven
1%
Bopfingen
1%
Bormio
1%
Bouillon
1%
Boxmeer
1%
Bregencja
1%
Bressanone
1%
Bryzgowia
1%
Buchau
1%
Buchhorn
1%
Büren
1%
Burgau
1%
Chanat Kałmucki
1%
Château
1%
Chiavenna
1%
Colmar
1%
Couto Misto
1%
Culemborg
1%
Dagsburg
1%
Didoya
1%
Dinkelsbühl
1%
Durdzuks
1%
Echallens | Orbe
1%
Eichsfeld
1%
Eichstätt
1%
Ellwangen
1%
Engelberg
1%
Erbach
1%
Esslingen
1%
Falkenstein
1%
Fosdinovo
1%
Freiamt
1%
Freising
1%
Fürstenberg
1%
Gams
1%
Gazikumukh
1%
Gemert
1%
Gengenbach
1%
Gersau
1%
Giengen
1%
Glarus
1%
Gmünd
1%
Grandson
1%
Guastalla
1%
Haldenstein
1%
Hanau
1%
Hayingen
1%
Heilbronn
1%
Helfenstein
1%
Henneberg
1%
Hildesheim
1%
Hohengeroldseck
1%
Hohenlohe
1%
IJsselstein
1%
Isenburg
1%
Isny im Allgäu
1%
Karakaitag
1%
Kempten (Opactwo książęce)
1%
Kempten (Wolne miasto)
1%
Kirchberg
1%
Klettgau
1%
Księstwa Rivière
1%
Landau
1%
La Petite-Pierre
1%
Leiningen
1%
Leutkirch
1%
Limpurg
1%
Lindau
1%
Lingen
1%
Locarno
1%
Löwenstein
1%
Maggia
1%
Manderscheid
1%
Mansfeld
1%
Massa
1%
Masserano
1%
Megen
1%
Mendrisio
1%
Miluza
1%
Montbéliard
1%
Mühlhausen | Thüringen
1%
Murten
1%
Nemours
1%
Nidwalden
1%
Noli
1%
Nordhausen
1%
Nordlingen
1%
Obernai
1%
Obwalden
1%
Ochsenhausen
1%
Oettingen
1%
Offenburg (Oberamt)
1%
Offenburg (Wolne miasto)
1%
Olivola
1%
Palatynat-Neuburg
1%
Palatynat-Sulzbach
1%
Palatynat Zweibrücken
1%
Pappenheim
1%
Pfullendorf
1%
Piombino
1%
Podenzana | Aulla
1%
Poljica
1%
Prüm
1%
Ravenstein
1%
Republika Cospaii
1%
Reutlingen
1%
Rheintal
1%
Rosheim
1%
Rothenburg
1%
Rottenburg
1%
Rottweil
1%
Rutul
1%
Saint-Blaise
1%
Salem
1%
Salm
1%
Sargans
1%
Sayn
1%
Schellenberg
1%
Schönburg
1%
Schwarzburg
1%
Schwarzenburg
1%
Schweinfurt
1%
See-Gaster
1%
Sélestat
1%
Senarica
1%
Solms
1%
Solura
1%
Sora
1%
Sponheim
1%
Stockach
1%
Stolberg-Stolberg
1%
Stolberg-Wernigerode
1%
Sułtanat Elisu
1%
Szafuza
1%
Tabasaran
1%
Tecklenburg
1%
Tettnang
1%
Torriglia
1%
Tresana
1%
Turgowia
1%
Türkheim
1%
Überlingen
1%
Unia Akusha-Dargo
1%
Uznach
1%
Valtellina
1%
Vernio
1%
Vianen
1%
Waldburg
1%
Wangen
1%
Weil
1%
Weingarten
1%
Weißenburg
1%
Wertheim
1%
Westerburg
1%
Wetzlar
1%
Wimpfen
1%
Windsheim
1%
Zachur
1%
Zell
1%
Zwiefalten
1%
Nie znaleziono quizów pasujących do podanych kryteriów
Rozkład punktacji
Procent ludzi z każdym wynikiem
Percentyl według liczby udzielonych odpowiedzi
Twoja historia wyników
Nie rozwiązałeś tego quizu od ostatniego zresetowania